Introduction to the theory of statistics / (Record no. 178629)

000 -LEADER
fixed length control field 01228 a2200217 4500
003 - CONTROL NUMBER IDENTIFIER
control field Nust
005 - DATE AND TIME OF LATEST TRANSACTION
control field 20241202110327.0
010 ## - LIBRARY OF CONGRESS CONTROL NUMBER
LC control number 73000292
040 ## - CATALOGING SOURCE
Transcribing agency Nust
082 00 - DEWEY DECIMAL CLASSIFICATION NUMBER
Classification number 519.5,MOO
100 1# - MAIN ENTRY--PERSONAL NAME
Personal name Mood, Alexander McFarlane,
245 10 - TITLE STATEMENT
Title Introduction to the theory of statistics /
Statement of responsibility, etc. [by] Alexander M. Mood, Franklin A. Graybill [and] Duane C. Boes.
260 ## - PUBLICATION, DISTRIBUTION, ETC.
Place of publication, distribution, etc. Islamabad,
Name of publisher, distributor, etc. National Book Foundations
Date of publication, distribution, etc. [1973, c1974]
300 ## - PHYSICAL DESCRIPTION
Extent xvi, 564 p.
Other physical details illus.
Dimensions 24 cm.
490 0# - SERIES STATEMENT
Series statement National Book Foundation series in probability and statistics.
505 ## - FORMATTED CONTENTS NOTE
Formatted contents note Probability (Page-1), Random Variables, Distributions Functions and Expectation (Page-51), Special Parametric Families of Univariate Distributions (Page-85), Joint and Conditional Distributions, Stochastic Independence, More Expectation (Page-129), Distributions of Functions of Random Variables (Page-175), Sampling and Sampling Distributions (Page-219), Parametric Point Estimation (Page-271), Parametric Interval Estimation (Page-372), Test of Hypotheses (Page-401),Linear Models (Page-482), Nonparametric Methods (Page-504).
650 #0 - SUBJECT ADDED ENTRY--TOPICAL TERM
Topical term or geographic name entry element Mathematical statistics.
9 (RLIN) 61
700 1# - ADDED ENTRY--PERSONAL NAME
Personal name Boes, Duane C.,
700 1# - ADDED ENTRY--PERSONAL NAME
Personal name Graybill, Franklin A.,
942 ## - ADDED ENTRY ELEMENTS (KOHA)
Source of classification or shelving scheme
Koha item type Book
Holdings
Withdrawn status Lost status Source of classification or shelving scheme Damaged status Not for loan Permanent Location Current Location Shelving location Date acquired Full call number Barcode Date last seen Price effective from Koha item type Public note
          Military College of Signals (MCS) Military College of Signals (MCS) General Stacks 12/12/2016 519.5,MOO MCS33338 12/08/2016 12/12/2016 Book Almirah No.71, Shelf No.2
          Military College of Signals (MCS) Military College of Signals (MCS) General Stacks 12/12/2016 519.5,MOO MCS33339 12/08/2016 12/12/2016 Book Almirah No.71, Shelf No.2
© 2023 Central Library, National University of Sciences and Technology. All Rights Reserved.